<?xml version="1.0" encoding="UTF-8"?>
<record
    xmlns:xsi="http://www.w3.org/2001/XMLSchema-instance"
    xsi:schemaLocation="http://www.loc.gov/MARC21/slim http://www.loc.gov/standards/marcxml/schema/MARC21slim.xsd"
    xmlns="http://www.loc.gov/MARC21/slim">

  <leader>03320cam a2200349 a 4500</leader>
  <controlfield tag="003">EG-GiCUC</controlfield>
  <controlfield tag="005">20250223032619.0</controlfield>
  <controlfield tag="008">201024s2020    ua dh  f m    000 0 eng d</controlfield>
  <datafield tag="040" ind1=" " ind2=" ">
    <subfield code="a">EG-GiCUC</subfield>
    <subfield code="b">eng</subfield>
    <subfield code="c">EG-GiCUC</subfield>
  </datafield>
  <datafield tag="041" ind1="0" ind2=" ">
    <subfield code="a">eng</subfield>
  </datafield>
  <datafield tag="049" ind1=" " ind2=" ">
    <subfield code="a">Deposite</subfield>
  </datafield>
  <datafield tag="097" ind1=" " ind2=" ">
    <subfield code="a">Ph.D</subfield>
  </datafield>
  <datafield tag="099" ind1=" " ind2=" ">
    <subfield code="a">Cai01.11.05.Ph.D.2020.Mo.E</subfield>
  </datafield>
  <datafield tag="100" ind1="0" ind2=" ">
    <subfield code="a">Mostafa Mohammad Abdalraouf Yousof   </subfield>
  </datafield>
  <datafield tag="245" ind1="1" ind2="0">
    <subfield code="a">Effect of partial versus complete annulo-papillary preservation during mitral valve replacement on left ventricular geometry and function using CMR / </subfield>
    <subfield code="c">Mostafa Mohammad Abdalraouf Yousof ; Supervised Mohamed Abdalraouf Khalil , Ahmed Hussein Gafaar , Mohamed Abuldahab    </subfield>
  </datafield>
  <datafield tag="246" ind1="1" ind2="5">
    <subfield code="a">&#x62F;&#x631;&#x627;&#x633;&#x629; &#x62A;&#x627;&#x62B;&#x64A;&#x631; &#x627;&#x644;&#x645;&#x62D;&#x627;&#x641;&#x638;&#x629; &#x639;&#x644;&#x649; &#x627;&#x644;&#x627;&#x62A;&#x635;&#x627;&#x644; &#x628;&#x64A;&#x646; &#x62D;&#x644;&#x642;&#x629; &#x627;&#x644;&#x635;&#x645;&#x627;&#x645; &#x627;&#x644;&#x645;&#x64A;&#x62A;&#x631;&#x627;&#x644;&#x649; &#x648;&#x627;&#x644;&#x639;&#x636;&#x644;&#x627;&#x62A; &#x627;&#x644;&#x62D;&#x644;&#x645;&#x64A;&#x629; &#x62C;&#x632;&#x626;&#x64A;&#x627; &#x627;&#x648; &#x643;&#x644;&#x64A;&#x627; &#x628;&#x639;&#x62F; &#x639;&#x645;&#x644;&#x64A;&#x627;&#x62A; &#x627;&#x633;&#x62A;&#x628;&#x62F;&#x627;&#x644; &#x627;&#x644;&#x635;&#x645;&#x627;&#x645; &#x627;&#x644;&#x645;&#x64A;&#x62A;&#x631;&#x627;&#x644;&#x649; &#x639;&#x644;&#x649; &#x648;&#x638;&#x627;&#x626;&#x641; &#x648;&#x627;&#x644;&#x634;&#x643;&#x644; &#x627;&#x644;&#x647;&#x646;&#x62F;&#x633;&#x649; &#x644;&#x644;&#x628;&#x637;&#x64A;&#x646; &#x627;&#x644;&#x627;&#x64A;&#x633;&#x631; &#x628;&#x627;&#x633;&#x62A;&#x62E;&#x62F;&#x627;&#x645; &#x627;&#x644;&#x631;&#x646;&#x64A;&#x646; &#x627;&#x644;&#x645;&#x63A;&#x646;&#x637;&#x64A;&#x633;&#x649; &#x644;&#x644;&#x642;&#x644;&#x628;</subfield>
  </datafield>
  <datafield tag="260" ind1=" " ind2=" ">
    <subfield code="a">Cairo : </subfield>
    <subfield code="b">Mostafa Mohammad Abdalraouf Yousof , </subfield>
    <subfield code="c">2020</subfield>
  </datafield>
  <datafield tag="300" ind1=" " ind2=" ">
    <subfield code="a">107 P. : </subfield>
    <subfield code="b">charts , facimiles ; </subfield>
    <subfield code="c">25cm </subfield>
  </datafield>
  <datafield tag="502" ind1=" " ind2=" ">
    <subfield code="a">Thesis (Ph.D.) - Cairo University - Faculty of Medicine - Department of Cardiothoracic Surgery</subfield>
  </datafield>
  <datafield tag="520" ind1=" " ind2=" ">
    <subfield code="a">Assessment of left ventricular geometry and function using Echocardiographic studies carry a higher rate of inaccurate values specially in the presence of mitral valve disease. Three-dimensional left ventricular geometric evaluation using MRI provides more accurate details about left ventricular geometry   and function Objectives: To evaluate the beneficial effect of partial and complete preservation of papillary annular continuity, using CMR as a novel modality of comparison to evaluate the postoperative left ventricular function and geometry. Patient &amp; methods: In our study, 32 Patients, males or females, different age group, with predominant mitral regurgitation, indicated for mitral valve replacement, mitral valve replacement was done. Patients were randomized in two groups , where posterior preservation was in group I, and both leaflet preservation was in group II. The study was done at different institutions, with the same group of surgeons, in the period between May 2015 and Feb 2017. All patients went through preoperative, operative&amp; early postoperative evaluation. Results: According to our knowledge this is the first study in Egypt to use CMR in evaluating the effect of mitral valve replacement on cardiac function. Postoperative evaluation demonstrated a significant improvement in left ventricular function and dimensions in both groups using echocardiography or CMR. But the study also failed to quantify significant superiority of either technique in our selected patient groups.This was consistent with many trails done before using echocardiography only</subfield>
  </datafield>
  <datafield tag="530" ind1=" " ind2=" ">
    <subfield code="a">Issued also as CD</subfield>
  </datafield>
  <datafield tag="653" ind1=" " ind2="4">
    <subfield code="a">Annulo</subfield>
  </datafield>
  <datafield tag="653" ind1=" " ind2="4">
    <subfield code="a">Cardiovascular magnetic resonance (CMR) </subfield>
  </datafield>
  <datafield tag="653" ind1=" " ind2="4">
    <subfield code="a">Mitral valve replacement </subfield>
  </datafield>
  <datafield tag="700" ind1="0" ind2=" ">
    <subfield code="a">Ahmed Hussein Gafaar , </subfield>
    <subfield code="e">Supervisor</subfield>
  </datafield>
  <datafield tag="700" ind1="0" ind2=" ">
    <subfield code="a">Mohamed Abdalraouf Khalil , </subfield>
    <subfield code="e">Supervisor</subfield>
  </datafield>
  <datafield tag="700" ind1="0" ind2=" ">
    <subfield code="a">Mohamed Abuldahab , </subfield>
    <subfield code="e">Supervisor</subfield>
  </datafield>
  <datafield tag="856" ind1=" " ind2=" ">
    <subfield code="u">http://172.23.153.220/th.pdf</subfield>
  </datafield>
  <datafield tag="905" ind1=" " ind2=" ">
    <subfield code="a">Nazla</subfield>
    <subfield code="e">Revisor</subfield>
  </datafield>
  <datafield tag="905" ind1=" " ind2=" ">
    <subfield code="a">Shimaa</subfield>
    <subfield code="e">Cataloger</subfield>
  </datafield>
  <datafield tag="942" ind1=" " ind2=" ">
    <subfield code="2">ddc</subfield>
    <subfield code="c">TH</subfield>
  </datafield>
  <datafield tag="999" ind1=" " ind2=" ">
    <subfield code="c">78404</subfield>
    <subfield code="d">78404</subfield>
  </datafield>
  <datafield tag="952" ind1=" " ind2=" ">
    <subfield code="2">ddc</subfield>
    <subfield code="7">0</subfield>
    <subfield code="a">CUCL</subfield>
    <subfield code="b">cl210</subfield>
    <subfield code="d">2024-02-11</subfield>
    <subfield code="o">Cai01.11.05.Ph.D.2020.Mo.E</subfield>
    <subfield code="p">01010110081848000</subfield>
    <subfield code="r">2023-09-22 00:00:00</subfield>
    <subfield code="y">TH</subfield>
  </datafield>
  <datafield tag="952" ind1=" " ind2=" ">
    <subfield code="2">ddc</subfield>
    <subfield code="7">0</subfield>
    <subfield code="a">CUCL</subfield>
    <subfield code="b">cl2u8</subfield>
    <subfield code="d">2024-02-11</subfield>
    <subfield code="o">Cai01.11.05.Ph.D.2020.Mo.E</subfield>
    <subfield code="p">01020110081848000</subfield>
    <subfield code="r">2023-09-22 00:00:00</subfield>
    <subfield code="t">81848.CD     </subfield>
    <subfield code="y">CD</subfield>
  </datafield>
</record>
